000 00665nam a22002057a 4500
005 20180419172849.0
010 _aENG-122648
020 _c595.00
_a9780199478774
035 _aEN-106180
037 _bDBAD/PUB
082 _a921
100 _aBechain,Sheoraj Singh
245 _aMy childhood on my shoulders /
_cby Sheoraj Singh Bechain ; translated from hindi by Deeba Zafir [and] Tapan Basu
260 _c2018
_aNew Delhi
_bOxford University Press
270 _a2/1 Ground Floor,Ansari Road Daryaganj,
_bNew Delhi
_e110002
300 _c21cm(pbk)
_a254P.
700 _aDeeba Zafir
710 _aBasu,Tapan
942 _cEN
_2ddc
_mMYC
_h921
999 _c151597
_d151597